Kuvavisa: Pohjois-Amerikan suurimmat F:llä alkavat kaupungit - Statistics

Yleistilastot
  • Tätä visaa on pelattu 12 kertaa
  • Keskiarvotulos 5 / 16
Vastaustilastot
Kuvavisa Hint Vastaus % Oikein
🇺🇸 550 000 Fresno
88%
🇺🇸 980 000 Fort Worth
75%
🇺🇸 230 000 Frisco
50%
🇺🇸 130 000 Fargo
38%
🇺🇸 180 000 Fort Lauderdale
38%
🇺🇸 100 000 {Federal} Way
25%
🇺🇸 220 000 Fontana
25%
🇺🇸 170 000 Fort {Collins}
25%
🇺🇸 270 000 Fort Wayne
25%
🇺🇸 230 000 Fremont
25%
🇺🇸 140 000 Fullerton
25%
🇺🇸 120 000 Fairfield
13%
🇺🇸 210 000 Fayetteville
13%
🇺🇸 100 000 Fayetteville
13%
🇲🇽 140 000 Fresnillo
13%
🇺🇸 100 000 Fishers
0%
Ehtoja vastaavia visoja ei löytynyt
Tulosjakauma
Jokaisen tuloksen saaneiden osuus
Persentiili vastausten määrän mukaan
Tuloshistoriasi
Et ole pelannut tätä visaa